|
|
|
|
| LEADER |
00000nab a2200000 a 4500 |
| 001 |
vtls000508900 |
| 003 |
SK-MaSNL |
| 005 |
20260304095210.0 |
| 008 |
250425c1994 xo 0 slo |
| 015 |
|
|
|a SNBRB19rr/mm-uuuuu
|
| 035 |
|
|
|a CL0509038
|
| 035 |
|
|
|a urn:nbn:sk:snk-abdosm
|
| 035 |
|
|
|a (urnnbn)urn:nbn:sk:snk:ar-000uek
|
| 035 |
|
|
|a (uuid)10778032-2cdd-4aa8-a272-7e2e7c9df683
|
| 040 |
|
|
|a SNKBUCL
|b slo
|c SNKBUCL
|e AACR2
|
| 041 |
0 |
|
|a slo
|
| 044 |
|
|
|a xo
|c SK
|
| 080 |
|
|
|a 885.4-2
|2 1981
|
| 100 |
1 |
|
|a Slovák, Jozef
|4 aut
|9 376899
|
| 245 |
1 |
0 |
|a Ružové kráľovstvo
|b Veršovaná hra
|c Jozef Slovák
|
| 650 |
0 |
7 |
|a divadelné hry
|2 snkbucl
|9 79680
|
| 655 |
|
7 |
|a články z novín a časopisov
|2 snkbucl
|9 267496
|
| 773 |
0 |
|
|t Javisko
|g Roč. 26, č. 2 (1994), s. 17-27
|
| 850 |
|
|
|a Slovenská národná knižnica
|
| 852 |
|
|
|a Slovenská národná knižnica
|
| 954 |
|
|
|a odborná, vedecká literatúra pôvodná (slovenská)
|2 lita
|
| 958 |
|
|
|a article19
|
| 958 |
|
|
|a OND
|
| 958 |
|
|
|a RK
|
| 958 |
|
|
|a LX
|
| 958 |
|
|
|a EUIPO
|
| 992 |
|
|
|a RBX
|
| 999 |
|
|
|c 2831339
|d 2833269
|